| 000 | 00431 a2200133 4500 | ||
|---|---|---|---|
| 001 | 87678 | ||
| 082 | _aPR 55 | ||
| 090 |
_c41137 _d41137 |
||
| 100 | _aAli Raza, Plt Off 15464 70(B) EC | ||
| 245 | _aDesign and development of digital signal processing based autonomous voice operated transmission system | ||
| 260 |
_aRisalpur _bCAE PAF Academy Risalpur _c2011 |
||
| 300 |
_a77p. _eSohail Ahmed, Wg Cdr |
||
| 500 | _aBE Project Reports | ||
| 942 |
_aCAE NUST _kPR 55 |
||
| 999 |
_c322751 _d322751 |
||